000 00528nam a22001697a 4500
005 20251108172149.0
008 250721s9999 xx 000 0 ara d
082 1 4 _a922.1/محم
100 1 _aجزر، محمد يس
245 1 0 _aمحمد متولي الشعراوي :
_bعالم عصره في عيون معاصريه /
264 1 _aالقاهرة :
_bمكتبة التراث الإسلامي،
_c[19-].
300 _a248ص
650 1 7 _aالإسلام
650 1 7 _aالتراجم
942 _2ddc
_cBK
999 _c72049
_d72049